The transformable house (Record no. 8087)

000 -LEADER
fixed length control field 00367nam a22001457a 4500
003 - CONTROL NUMBER IDENTIFIER
control field OSt
005 - DATE AND TIME OF LATEST TRANSACTION
control field 20200706124327.0
008 - FIXED-LENGTH DATA ELEMENTS--GENERAL INFORMATION
fixed length control field 200706b ||||| |||| 00| 0 eng d
020 ## - INTERNATIONAL STANDARD BOOK NUMBER
International Standard Book Number 9780471496052
082 ## - DEWEY DECIMAL CLASSIFICATION NUMBER
Classification number 736.98
Item number GOD
100 ## - MAIN ENTRY--PERSONAL NAME
Personal name Godwin, Sally; Bell, Jonathan
Dates associated with a name 1972-
245 ## - TITLE STATEMENT
Title The transformable house
260 ## - PUBLICATION, DISTRIBUTION, ETC. (IMPRINT)
Place of publication, distribution, etc London
Name of publisher, distributor, etc Academy Press
Date of publication, distribution, etc 2000
942 ## - ADDED ENTRY ELEMENTS (KOHA)
Source of classification or shelving scheme
Holdings
Withdrawn status Lost status Source of classification or shelving scheme Damaged status Koha normalized classification for sorting Not for loan Permanent location Current location Date acquired Full call number Barcode Date last seen Price effective from Koha item type
        736_980000000000000_GOD   BMS College of Architecture, Design and Planning BMS College of Architecture, Design and Planning 2020-07-06 736.98 GOD AR-UG1700 2020-07-06 2020-07-06 UG Books
Copyright © 2025, The Librarian, Library and Information Centre, BMSCA D&P, Bengaluru. All Rights Reserved
web counter

Powered by Koha